Name the 2024 Week 10 starting NFL Quarterbacks by their picture - Statistics

General Stats
  • This quiz has been taken 62 times
  • The average score is 27 of 32
Answer Stats
Picture Answer % Correct
Aaron Rodgers
96%
Jalen Hurts
96%
Patrick Mahomes
96%
Jayden Daniels
94%
Joe Burrow
94%
C.J. Stroud
92%
Jordan Love
92%
Josh Allen
92%
Brock Purdy
90%
Caleb Williams
90%
Jared Goff
90%
Kyler Murray
90%
Lamar Jackson
90%
Tua Tagovailoa
90%
Baker Mayfield
88%
Matthew Stafford
88%
Bo Nix
86%
Justin Herbert
84%
Russell Wilson
84%
Bryce Young
82%
Daniel Jones
82%
Gino Smith
82%
Joe Flacco
82%
Sam Darnold
82%
Kirk Cousins
80%
Derek Carr
76%
Jameis Winston
76%
Mac Jones
76%
Will Levis
76%
Cooper Rush
74%
Jacoby Brissett
68%
Desmond Ridder
46%
No matching quizzes found
Score Distribution
Percent of People with Each Score
Percentile by Number Answered
Your Score History
You have not taken this quiz